000 00357nam a2200133Ia 4500
005 20260326100033.0
008 260326s9999||||xx |||||||||||||| ||und||
100 _aHatje, Gerd
245 0 _aDiccionario Ilustrado de la Arquitectura Contemporánea /
_cGerd Hatje
260 _bGustavo Gili
300 _a360 p.
650 _aARQUITECTURA MODERNA
942 _cBK
999 _c6690
_d6690